header

Corn palaces and butter queens (Record no. 98298)

MARC details
000 -LEADER
fixed length control field 01519nam a2200373Ia 4500
082 04 - DEWEY DECIMAL CLASSIFICATION NUMBER
Classification number 725/.910973
100 1# - MAIN ENTRY--AUTHOR NAME
Personal name Simpson, Pamela H.
245 10 - TITLE STATEMENT
Title Corn palaces and butter queens
260 ## - PUBLICATION, DISTRIBUTION, ETC. (IMPRINT)
Place of publication Minneapolis :
Name of publisher University of Minnesota Press,
Year of publication c2012.
300 ## - PHYSICAL DESCRIPTION
Number of Pages xx, 248 p. :
Other physical details ill. (some col.)
650 #0 - SUBJECT ADDED ENTRY--TOPICAL TERM
Topical Term Art and society
Topical Term Butter sculpture
Topical Term Corn palaces
Topical Term Plants as art material
856 40 - ELECTRONIC LOCATION AND ACCESS
Uniform Resource Identifier http://site.ebrary.com/lib/rucke/Doc?id=10602338

No items available.

© 2026 Rongo University
Contact us: librarian | system librarian | Rongo university